| 000 | 01365nam a2200361 i 4500 | ||
|---|---|---|---|
| 001 | 000006352 | ||
| 003 | DO-SdBNP | ||
| 005 | 20260123084624.0 | ||
| 007 | ta | ||
| 008 | 090828s2004 dr 000 0 spa d | ||
| 040 |
_aDO-SdBNP _bspa _cBNPHU _erda |
||
| 041 | _aspa | ||
| 082 | 4 |
_a345.05 _bC352d 2004 _222 |
|
| 100 | 1 |
_aCastillo Morales, Luis R. del, _eautor _4aut. _917683 |
|
| 245 | 1 | 0 |
_aDerecho procesal penal / _cLuis R. Del Castillo Morales, Juan Ml. Pellerano Gómez, Hipólito Herrera Pellerano ; prólogo, Ramón Emilio Núñez N. |
| 250 | _aCuarta edición | ||
| 264 | 1 |
_aSanto Domingo : _bCAPELDOM, _c2004. |
|
| 300 |
_avolumen ; _c23 cm. |
||
| 336 |
_atexto _btxt _2rdacontent |
||
| 337 |
_asin mediación _bn _2rdamedia |
||
| 338 |
_avolumen _bnc _2rdacarrier |
||
| 490 |
_aDerecho _v8 |
||
| 500 | _aLa biblioteca posee el volumen 1. | ||
| 500 | _aIncluye referencias bibliográficas y notas al pie de las páginas. | ||
| 590 | _aInventariado, 2018/DG | ||
| 650 | 4 |
_aProcedimiento penal _zRepública Dominicana _9554 |
|
| 650 | 0 |
_aDerecho procesal _zRepública Dominicana _9555 |
|
| 700 | 1 |
_aPellerano Gómez, Juan Ml., _eautor _4aut. _911850 |
|
| 700 | 1 |
_aHerrera Pellerano, Hipólito, _eaut. _4aut. _97063 |
|
| 700 | 1 |
_aNúñez N., Ramón Emilio, _eprologuista _917684 _4pr. |
|
| 910 | _aValidado. Control de calidad. MMOLINA | ||
| 942 |
_2ddc _cLBS1 |
||
| 999 |
_c6147 _d6147 |
||